000 00376 a2200157 4500
001 150965
040 _cEscola São Tomás de Aquino
100 _aBELLAIRS, John
240 1 0 _aO mistério do relógio na parede
_lpor
245 1 0 _aO mistério do relógio na parede
300 _a204
362 0 _a2001
440 1 _aRecord
697 _a*LITERATURA JUVENIL
942 _cBK
999 _c150965
_d150965